[Event "Lilie op"]
[Site "Litomysl"]
[Date "1997.??.??"]
[Round "5"]
[White "Zezulkin, Jurij"]
[Black "Beil, Zdenek"]
[Result "1-0"]
[WhiteElo "2465"]
[BlackElo "2315"]

1.e4 c5 2.Nf3 e6 3.d4 cxd4 4.Nxd4 Nc6 5.Nc3 a6 6.Be3 Nf6 7.Bd3 d5 8.exd5 exd5
9.Nce2 Be7 10.c3 Ng4 11.Bf4 O-O 12.O-O Bf6 13.Re1 Nge5 14.Bc2 Bg4 15.Qd2 Bh5
16.Bf5 Re8 17.Qc2 Bg6 18.Rad1 Qe7 19.Kf1 Rad8 20.Qb3 Nc4 21.Nxc6 bxc6 22.Nd4 Qc5
23.Rxe8+ Rxe8 24.Bd7 Re4 25.Qb8+ Qf8 26.b3 Bh5 27.g4 Qxb8 28.Bxb8 Nb6 29.Bxc6 Bxg4
30.f3 Bh3+ 31.Kf2 Re7 32.Bd6 Bh4+ 33.Bg3 Bxg3+ 34.hxg3 Bd7 35.Bxd7 Rxd7 36.Ke3 Kf8
37.a4 Rc7 38.Kd2  1-0

[Event "Lilie op"]
[Site "Litomysl"]
[Date "1997.??.??"]
[Round "6"]
[White "Plachetka, Jan"]
[Black "Dovzik, Juri"]
[Result "1/2-1/2"]
[WhiteElo "2445"]
[BlackElo "2405"]

1.e4 c5 2.Nf3 e6 3.d4 cxd4 4.Nxd4 Nc6 5.Nc3 Qc7 6.f4 a6 7.Nf3 Bc5 8.Bd3 b5
9.e5 Nb4 10.Be4 Bb7 11.Bxb7 Qxb7 12.a3 Nd5 13.Nxd5 Qxd5 14.Qxd5 exd5 15.Bd2 Ne7
16.Bb4 Rc8 17.Bxc5 Rxc5 18.O-O-O O-O 19.Nd4 Rfc8 20.c3 a5 21.Kb1 a4 22.Rd3 Rd8
23.Re1 g6 24.g3 Kf8 25.g4 Nc6 26.f5 Re8 27.Nf3 gxf5 28.gxf5 f6 29.exf6 Rxe1+
30.Nxe1 d4 31.cxd4 Rxf5 32.Rf3 Rh5 33.Rf2 Nxd4 34.Nc2 Nb3  1/2-1/2

[Event "Lilie op"]
[Site "Litomysl"]
[Date "1997.??.??"]
[Round "7"]
[White "Loucek, Vlastimil"]
[Black "Beil, Zdenek"]
[Result "1/2-1/2"]
[WhiteElo "2030"]
[BlackElo "2315"]

1.e4 c5 2.Nf3 e6 3.d4 cxd4 4.Nxd4 Nc6 5.Nc3 a6 6.Bc4 Qc7 7.Be3 Nf6 8.Bb3 Bb4
9.O-O O-O 10.Qf3 d6 11.Nde2 Bc5 12.Bg5 Nd7 13.Kh1 b5 14.a3 Nd4 15.Nxd4 Bxd4
16.Rad1 Be5 17.Be7 Re8 18.Bxd6 Bxd6 19.e5 Nxe5 20.Qxa8 Nc6 21.Rxd6 Qxd6 22.Rd1 Qc7
23.Ne4 Rf8 24.Nc5 Qb6 25.Qxc8 Qxc5 26.Qxa6  1/2-1/2

[Event "SLO-chT"]
[Site "Ljubljana"]
[Date "1997.??.??"]
[Round "?"]
[White "Roskar, Robert"]
[Black "Gostisa, Leon"]
[Result "1-0"]
[WhiteElo "2230"]
[BlackElo "2425"]

1.e4 c5 2.Nf3 e6 3.d4 cxd4 4.Nxd4 Nc6 5.Nc3 Qc7 6.Be2 a6 7.O-O Nf6 8.Be3 Bb4
9.Nxc6 bxc6 10.Qd4 Bd6 11.f4 e5 12.Qd2 Rb8 13.Rad1 exf4 14.Bxf4 Bxf4 15.Rxf4 Rxb2
16.Rdf1 a5 17.Bc4 O-O 18.Rxf6 gxf6 19.Qh6 Rxc2 20.Qxf6 d5 21.Qg5+ Kh8 22.Qf6+ Kg8
23.Rf3 dxc4 24.Qg5+ Kh8 25.Qf6+ Kg8 26.Rg3+ Qxg3 27.hxg3 Be6 28.Qg5+ Kh8
29.Qf6+ Kg8 30.Qg5+ Kh8 31.Qxa5 h6 32.a4 Kh7 33.e5 Rb8 34.Ne4 Rb1+ 35.Kh2 Rbb2
36.Qd8 Rxg2+ 37.Kh1 Rge2 38.Nf6+ Kg6 39.Qg8+ Kf5 40.Qg4+ Kxe5 41.Qf4+  1-0

[Event "London Agency"]
[Site "London"]
[Date "1997.??.??"]
[Round "7"]
[White "Hunt, Harriet"]
[Black "Tozer, Richard"]
[Result "0-1"]
[WhiteElo "2330"]
[BlackElo "2380"]

1.e4 c5 2.Nf3 Nc6 3.d4 cxd4 4.Nxd4 e6 5.Nc3 Qc7 6.Be2 a6 7.O-O Nf6 8.Be3 Bb4
9.Na4 d5 10.Nxc6 bxc6 11.exd5 cxd5 12.Nb6 Rb8 13.Nxc8 Qxc8 14.c4 O-O 15.Rc1 Qb7
16.c5 e5 17.f4 e4 18.a3 Ba5 19.b4 Bc7 20.Bd4 Rbd8 21.Rc3 Rfe8 22.Re3 Nd7
23.Rg3 g6 24.Bb2 f6 25.Qd4 Rf8 26.Bd1 Rf7 27.Bg4 Nf8 28.Bh3 Qb8 29.Bc1 Qb5
30.Re3 Be5 31.fxe5 Qxf1+ 32.Kxf1 fxe5+ 33.Ke2 exd4 34.Rb3 d3+ 35.Ke3 Rf1
36.Bd2 Nd7 37.Kd4 Nb8 38.Be6+ Kg7 39.a4 Nc6+ 40.Ke3 Kf6 41.b5 Kxe6 42.bxc6 Ke5
43.Bc3+ d4+ 44.Bxd4+ Rxd4 45.c7 Rf8 46.Rb8 d2  0-1

[Event "London Agency"]
[Site "London"]
[Date "1997.??.??"]
[Round "9"]
[White "Forster, Richard"]
[Black "Tozer, Richard"]
[Result "1/2-1/2"]
[WhiteElo "2365"]
[BlackElo "2380"]

1.e4 c5 2.Nf3 Nc6 3.d4 cxd4 4.Nxd4 e6 5.Nc3 Nf6 6.Ndb5 Bb4 7.a3 Bxc3+ 8.Nxc3 d5
9.exd5 exd5 10.Bd3 O-O 11.O-O  1/2-1/2

[Event "Rheinhessen-ch H1 op"]
[Site "Mainz"]
[Date "1997.??.??"]
[Round "2"]
[White "Schneider, Johannes"]
[Black "Girg, Rolf"]
[Result "1-0"]
[WhiteElo "1878"]
[BlackElo "1762"]

1.e4 c5 2.Nf3 Nc6 3.d4 cxd4 4.Nxd4 e6 5.Nc3 Bc5 6.Nb3 Bb4 7.Bd3 Nge7 8.O-O O-O
9.f4 f5 10.Kh1 b6 11.Be3 Bb7 12.Ne2 fxe4 13.Bxe4 d5 14.Bd3 Nf5 15.Bxf5 Rxf5
16.Ng3 Rf7 17.c3 Bd6 18.Qg4 Qf6 19.Rae1 Re8 20.Bd4 Nxd4 21.Nxd4 Bc8 22.Qe2 Bd7
23.Qd3 g6 24.Nge2 Bb8 25.Kg1 Qh4 26.Nf3 Qg4 27.g3 Rf5 28.Ng5 Bxf4 29.Nxh7 Bb5
30.Qf3 Bxe2 31.Rxe2 Qxf3 32.Rxf3 Kxh7 33.g4 Bxh2+ 34.Rxh2+ Kg7 35.gxf5 gxf5
36.Kf2 Kf6 37.Rh7 Ra8 38.Ke3 e5 39.Rfh3 b5 40.Rh8 Rxh8 41.Rxh8 a5 42.Rb8 b4
43.Rb6+ Kg5 44.Rb5 f4+ 45.Kf2 bxc3 46.bxc3 Kg4 47.Rxd5 e4 48.c4  1-0

[Event "Rheinhessen-ch H1 op"]
[Site "Mainz"]
[Date "1997.??.??"]
[Round "5"]
[White "Schaefer, Frank"]
[Black "Girg, Rolf"]
[Result "1-0"]
[WhiteElo "1875"]
[BlackElo "1762"]

1.e4 c5 2.Nf3 Nc6 3.Nc3 e6 4.d4 cxd4 5.Nxd4 Bc5 6.Be3 Qb6 7.Na4 Qa5+ 8.c3 Be7
9.Be2 Nf6 10.f3 O-O 11.O-O a6 12.Nxc6 dxc6 13.Nb6 Bc5 14.Bxc5 Qxc5+ 15.Qd4 Qxd4+
16.cxd4 Rb8 17.Rfd1 Rd8 18.Rac1 Kf8 19.Rc3 Nd7 20.Nc4 Ke7 21.Kf2 f6 22.e5 f5
23.Nd6 Nf8 24.Rb3 b5 25.Rc1 Bd7 26.Ra3 Ra8 27.Nb7 Rdb8 28.Nd6 a5 29.f4 b4
30.Rg3 g6 31.h4 h5 32.Rd3 Rb6 33.Rd2 b3 34.axb3 Rxb3 35.Rc3 Rxc3 36.bxc3 a4
37.Ra2 Ra5 38.Ra3 Ra7 39.Ke3 Kd8 40.Bd1 c5 41.dxc5 Bc6 42.Bf3 Kc7 43.Kd4 Nd7
44.c4 Bxf3 45.Nb5+ Kb7 46.Nxa7  1-0

[Event "Greenhills op"]
[Site "Manila"]
[Date "1997.??.??"]
[Round "8"]
[White "Garma, Edgardo"]
[Black "Tan, Justin"]
[Result "1-0"]
[WhiteElo "2375"]
[BlackElo "2240"]

1.e4 c5 2.Nf3 e6 3.d4 cxd4 4.Nxd4 Nc6 5.Nc3 a6 6.Be3 Qc7 7.f4 Nxd4 8.Qxd4 Ne7
9.O-O-O Nc6 10.Qb6 Qxb6 11.Bxb6 Be7 12.Bc4 Bd8 13.Na4 Rb8 14.Rd6 g5 15.f5 Ne5
16.Bb3 Bxb6 17.Nxb6 Kd8 18.Rhd1 Kc7 19.c4 f6 20.c5 Re8 21.Ba4 Re7 22.b4 g4
23.Bb3 h5 24.a4 h4 25.b5 axb5 26.axb5 h3 27.gxh3 gxh3 28.fxe6 dxe6 29.Nd5+  1-0

[Event "Mar del Plata op"]
[Site "Mar del Plata"]
[Date "1997.??.??"]
[Round "7"]
[White "Van Riemsdijk, Herman C"]
[Black "Fiorito, Fabian"]
[Result "1/2-1/2"]
[WhiteElo "2395"]
[BlackElo "2470"]

1.e4 c5 2.Nf3 e6 3.d4 cxd4 4.Nxd4 Nc6 5.Nc3 Qc7 6.g3 a6 7.Bg2 Nf6 8.O-O Bc5
9.Nxc6 dxc6 10.Qe2 e5  1/2-1/2

[Event "SLO-ch qual"]
[Site "Maribor"]
[Date "1997.??.??"]
[Round "5"]
[White "Mazi, Leon"]
[Black "Podkriznik, Gregor"]
[Result "1-0"]
[WhiteElo "2355"]
[BlackElo "2240"]

1.e4 c5 2.Nf3 Nc6 3.d4 cxd4 4.Nxd4 e6 5.Nc3 d6 6.Be3 Nf6 7.Qd2 Be7 8.O-O-O Ng4
9.Ndb5 Nxe3 10.Qxe3 a6 11.Nxd6+ Bxd6 12.e5 Nxe5 13.Ne4 O-O 14.Nxd6 Qf6 15.Be2 b5
16.f4 Nc4 17.Bxc4 bxc4 18.Nxc4 Qg6 19.Ne5 Qxg2 20.Rhg1 Qb7 21.Qg3 g6 22.Qc3 Qe4
23.Rd4 Qe2 24.Rd2 Qb5 25.Ng4 e5 26.Nf6+ Kh8 27.Qxe5 Qxe5 28.fxe5 Bf5 29.b3 Rfc8
30.Kb2 Rc5 31.Re1 a5 32.c4 Kg7 33.Kc3 Be6 34.Rd6 a4 35.Nd7 Rc7 36.Nb6 axb3
37.axb3 Ra2 38.Rd2 Ra6 39.Nd5 Rb7 40.Rb1 Ra8 41.Nf4 Bf5 42.Re1 g5 43.Ne2 Ra6
44.Nd4 Bd7 45.Ree2 h5 46.Ra2 Rg6 47.b4 g4 48.Re3 h4 49.b5 Kf8 50.Kb4 Ke7
51.Ne2 Kf8 52.Nf4 Rg5 53.Raa3 Rb8 54.Ra7 Be8 55.e6 Rf5 56.e7+ Kg7 57.Nd3 Rg5
58.Ra2 f6 59.Nf4 Kf7 60.Rd2 Rb7 61.Nd5 g3 62.hxg3 hxg3 63.Rg2 Bc6 64.Rgxg3 Rh5
65.Rh3 Rg5 66.Rh7+ Rg7 67.Rxg7+ Kxg7 68.e8=Q Bxe8 69.Rxe8  1-0

[Event "SLO-ch qual"]
[Site "Maribor"]
[Date "1997.??.??"]
[Round "8"]
[White "Simic, Dragan"]
[Black "Susnik, Matej"]
[Result "1-0"]
[WhiteElo "2305"]
[BlackElo "2235"]

1.e4 c5 2.Nf3 Nc6 3.d4 cxd4 4.Nxd4 e6 5.Nc3 Qc7 6.Be3 a6 7.Bd3 Nf6 8.O-O d6
9.Kh1 Be7 10.f4 O-O 11.Qf3 e5 12.Nxc6 bxc6 13.fxe5 dxe5 14.Bc4 a5 15.Na4 Ba6
16.Bxa6 Rxa6 17.Rad1 c5 18.Bg5 c4 19.Bxf6 Rxf6 20.Qe2 Rxf1+ 21.Qxf1 Rd8 22.Nc3 Rxd1
23.Qxd1 Qd8 24.Nd5 Bc5 25.g3 Qg5 26.Kg2 h5 27.h4 Qg4 28.Qxg4 hxg4 29.Kf1 f6
30.Ke2 Kf7 31.Ne3 Bxe3 32.Kxe3 Ke6 33.h5 Kd6 34.Kd2 Kc5 35.Kc3 Kb5 36.a4+ Kc5
37.b3 cxb3 38.cxb3 Kb6 39.Kc4 Kc6 40.b4 axb4 41.Kxb4 Kb6 42.a5+ Kc6 43.Kc4 Kd6
44.Kb5 Kc7 45.a6 Kc8 46.Kb6 Kb8 47.a7+ Ka8 48.Ka6  1-0

[Event "Marostica op"]
[Site "Marostica"]
[Date "1997.??.??"]
[Round "3"]
[White "Caruso, Augusto"]
[Black "Borgo, Giulio"]
[Result "0-1"]
[WhiteElo "2265"]
[BlackElo "2390"]

1.e4 c5 2.Nf3 e6 3.Nc3 Nc6 4.d4 cxd4 5.Nxd4 Qc7 6.g3 a6 7.Bg2 Nge7 8.O-O Nxd4
9.Qxd4 Nc6 10.Qd1 Be7 11.f4 d6 12.b3 O-O 13.Bb2 Rd8 14.Qe2 b5 15.Rae1 Bf8
16.Nd1 Bd7 17.Ne3 Rac8 18.Rc1 Nb4 19.Ng4 h5 20.Ne3 Nxa2 21.Ra1 Nc3 22.Bxc3 Qxc3
23.Rxa6 d5 24.Rd1 d4 25.Rd3 Qc5 26.Nf1 b4 27.Qd1 Qxc2 28.Qxc2 Rxc2 29.Ra5 Bc6
30.Nd2 Ra8 31.Rxa8 Bxa8 32.Bf1 f5 33.e5 Bc5 34.h4 Bc6 35.Be2 Bb5  0-1

[Event "CUB-ch"]
[Site "Matanzas"]
[Date "1997.??.??"]
[Round "12"]
[White "Herrera, Irisberto"]
[Black "Larduet, Carlos"]
[Result "1/2-1/2"]
[WhiteElo "2450"]
[BlackElo "2310"]

1.e4 c5 2.Nf3 e6 3.d4 cxd4 4.Nxd4 Nc6 5.Nc3 Qc7 6.Be2 Nf6 7.O-O d6 8.Be3 a6
9.a4 Be7 10.Kh1 O-O 11.f4  1/2-1/2

[Event "CRO-chT"]
[Site "Medulin"]
[Date "1997.??.??"]
[Round "?"]
[White "Kutuzovic, Branko"]
[Black "Cebalo, Miso"]
[Result "1/2-1/2"]
[WhiteElo "2395"]
[BlackElo "2540"]

1.e4 c5 2.Nf3 Nc6 3.d4 cxd4 4.Nxd4 e6 5.Nc3 d6 6.Be3 Nf6 7.Qd2 Be7 8.f3 O-O
9.O-O-O a6 10.g4 Nxd4 11.Bxd4 Nd7 12.Kb1 b5 13.h4 b4 14.Na4 a5 15.g5 Qc7
16.Qh2 Rb8 17.b3 Ne5 18.Qg3 Nc6 19.Bb2 Na7 20.Bf6 e5 21.f4 Bb7 22.Bd3 exf4
23.Qxf4 Nc6 24.Bc4 Ne5 25.Bxe5 dxe5 26.Qf3 Bc6 27.Rhf1 Kh8 28.Nb2 f5 29.gxf6 Rxf6
30.Qg4 Rf4 31.Rxf4 exf4 32.Nd3 Bxe4 33.Qe6 Bxd3 34.Bxd3 Qc5 35.Qe4 g6 36.h5 Rg8
37.Rh1 h6 38.hxg6 Bg5 39.Qb7 Rg7 40.Qa8+ Rg8 41.Qb7 Rg7 42.Qa8+ Rg8 43.Qb7  1/2-1/2

[Event "CRO-chT2"]
[Site "Medulin"]
[Date "1997.??.??"]
[Round "?"]
[White "Rade, Miroslav"]
[Black "Bogut, Zeljko"]
[Result "1-0"]
[WhiteElo "2300"]
[BlackElo "2285"]

1.e4 c5 2.Nf3 Nc6 3.d4 cxd4 4.Nxd4 e6 5.Nc3 a6 6.Be2 d6 7.O-O Nf6 8.Be3 Be7
9.f4 Qc7 10.Qe1 O-O 11.Kh1 Nxd4 12.Bxd4 b5 13.e5 Nd7 14.Ne4 dxe5 15.fxe5 Bb7
16.Nf6+ Nxf6 17.exf6 Rfd8 18.fxe7 Rxd4 19.Qf2  1-0

[Event "Metz op"]
[Site "Metz"]
[Date "1997.??.??"]
[Round "2"]
[White "Forthofer, Robert"]
[Black "Markowski, Tomasz"]
[Result "0-1"]
[WhiteElo "2100"]
[BlackElo "2510"]

1.e4 c5 2.Nf3 Nc6 3.d4 cxd4 4.Nxd4 e6 5.Nc3 d6 6.Be3 Nf6 7.Be2 Be7 8.O-O O-O
9.f4 e5 10.Nb3 a5 11.a3 a4 12.Nd2 Nd4 13.Bc4 Bg4 14.Nf3 Nxf3+ 15.gxf3 Bh3
16.Rf2 exf4 17.Bxf4 d5 18.Rd2 Qb6+  0-1

[Event "Minsk op"]
[Site "Minsk"]
[Date "1997.??.??"]
[Round "6"]
[White "Zaitsev, Igor A"]
[Black "Kharlov, Andrei"]
[Result "1-0"]
[WhiteElo "2450"]
[BlackElo "2555"]

1.e4 c5 2.Nf3 e6 3.Nc3 Nc6 4.d4 cxd4 5.Nxd4 Nf6 6.Ndb5 d6 7.Bf4 e5 8.Nd5 Nxd5
9.exd5 exf4 10.dxc6 bxc6 11.Qf3 d5 12.O-O-O Be7 13.Qc3 cxb5 14.Qxg7 Bf6 15.Bxb5+ Ke7
16.Rhe1+ Be6 17.Rxe6+ Kxe6 18.Re1+ Kd6 19.Qxf7 Kc5 20.Re6 Be7 21.Rxe7 Rf8
22.Qe6 Qb6 23.Qe5 Rac8 24.a4 Qf6 25.Rc7+ Rxc7 26.Qxc7+ Kb4 27.c3+  1-0

[Event "Mondariz op"]
[Site "Mondariz"]
[Date "1997.??.??"]
[Round "?"]
[White "Sanchez Quiroga, Miguel Angel"]
[Black "Paunovic, Dragan"]
[Result "0-1"]
[WhiteElo "2215"]
[BlackElo "2470"]

1.e4 c5 2.Nf3 e6 3.d4 cxd4 4.Nxd4 Nc6 5.Nc3 Qc7 6.f4 a6 7.Nf3 Bc5 8.Bd3 b5
9.Qe2 Nd4 10.Nxd4 Bxd4 11.Nd1 Bb7 12.c3 Bc5 13.Nf2 Nf6 14.O-O O-O 15.Kh1 Rfe8
16.Bd2 Rad8 17.e5 Qc6 18.Nh3 Ne4 19.Ng5 Nxg5 20.fxg5 g6 21.Rf4 d6 22.Be4 Qc7
23.Bxb7 Qxb7 24.exd6 Bxd6 25.Rf3 Bf8 26.Raf1 Rd7 27.Be3 Bg7 28.Qf2 Red8 29.Bb6 Rc8
30.Be3 Rc4 31.Rf4 Rxf4 32.Qxf4 Rd5 33.Qe4 Qc7 34.Qf3 Qd7 35.h3 Be5 36.Bf4 Bg7
37.Be3 Bf8 38.Bd4 Rf5 39.Qe2 Rxg5 40.a4 Rd5 41.axb5 axb5 42.Ra1 Qc6 43.Qf3 Bg7
44.Ra7 Qe8 45.Bxg7 Kxg7 46.b3 Rf5 47.Qb7 Qd8 48.Qc7 Qd1+ 49.Kh2 Qxb3  0-1

[Event "Mondariz op"]
[Site "Mondariz"]
[Date "1997.??.??"]
[Round "?"]
[White "Rivera, Daniel"]
[Black "De la Riva Aguado, Oscar"]
[Result "0-1"]
[WhiteElo "2370"]
[BlackElo "2460"]

1.e4 c5 2.Nf3 Nc6 3.d4 cxd4 4.Nxd4 e6 5.Nc3 Qc7 6.Be2 a6 7.O-O Nf6 8.Kh1 Nxd4
9.Qxd4 Bc5 10.Qd3 b5 11.f4 Bb7 12.Bf3 h5 13.e5 Ng4 14.Bxb7 Qxb7 15.Ne4 Rc8
16.b3 Be7 17.Bb2 Nh6 18.Qf3 Rc7 19.c4 bxc4 20.Rac1 O-O 21.Rxc4 Rb8 22.Rxc7 Qxc7
23.Rc1 Qb7 24.Bd4 Rc8 25.Rxc8+ Qxc8 26.Qc3 Qb7 27.Qd3 Qc6 28.Bg1 Qc1 29.Qd2 Qb1
30.Nc3 Qf1 31.Qf2 Qa1 32.Ne4 Nf5 33.g3 Qd1 34.Nc3 Qd3 35.Na4 h4 36.Kg2 g5
37.Nb2 Qe4+ 38.Kh3 Bc5 39.Qxc5 Qf3 40.fxg5 hxg3  0-1

[Event "Mitropa Cup 17th"]
[Site "Montecatini Terme"]
[Date "1997.??.??"]
[Round "3"]
[White "Mrva, Martin"]
[Black "Belotti, Bruno"]
[Result "1-0"]
[WhiteElo "2395"]
[BlackElo "2410"]

1.e4 c5 2.Nf3 e6 3.Nc3 Nc6 4.d4 cxd4 5.Nxd4 Qc7 6.f4 a6 7.Nf3 d6 8.Bd3 Nf6
9.O-O b5 10.Qe1 Bb7 11.a4 b4 12.Nd1 Be7 13.Qg3 O-O 14.Nf2 e5 15.f5 Na5 16.b3 Kh8
17.Bd2 Qb6 18.Kh1 Nd7 19.Ng4 f6 20.Nh4 Rfe8 21.Rf3 d5 22.Ng6+ hxg6 23.fxg6 Nf8
24.exd5 e4 25.Qh4+ Kg8 26.Rh3 Nxg6 27.Qh7+ Kf8 28.Qxg6 Bxd5 29.Rh8+ Bg8 30.Bh6  1-0

[Event "Mitropa Cup 17th"]
[Site "Montecatini Terme"]
[Date "1997.??.??"]
[Round "6"]
[White "Zelcic, Robert"]
[Black "Mrva, Martin"]
[Result "1/2-1/2"]
[WhiteElo "2530"]
[BlackElo "2395"]

1.e4 c5 2.Nf3 Nc6 3.Nc3 e6 4.d4 cxd4 5.Nxd4 Nf6 6.a3 d6 7.Be2 e5 8.Nf3 h6
9.O-O Be6 10.Re1 Be7 11.h3 O-O 12.Bf1 Rc8 13.Nd5 Na5 14.b3 Nxd5 15.exd5 Bf5
16.c4 Bf6 17.Ra2 Qb6 18.Nd2 Bg5 19.Rb2 Qd8 20.h4 Bxd2 21.Bxd2 b6 22.h5 Qh4
23.g3 Qd4 24.Qc1 Qg4 25.Bxa5 bxa5 26.Be2 Qd4 27.b4 axb4 28.axb4 Bd3 29.Bxd3 Qxd3
30.Rc2 f5 31.c5 Qxd5 32.Rd1 Qb3 33.Rxd6 Qxb4 34.Rd7 f4 35.Rb2 Rxc5 36.Qb1 Qc3
37.Rbb7 e4 38.Qb3+ Kh8 39.Qxc3 Rxc3 40.Rxg7 Rc1+ 41.Kg2 f3+ 42.Kh2 Re8 43.Rh7+ Kg8
44.Rbg7+ Kf8 45.Rxa7 Kg8 46.Rhg7+ Kh8 47.Rgf7 Rc2 48.Kh3 Rxf2 49.Rh7+ Kg8
50.Rxh6 Rb2 51.Rhh7 f2 52.Rhg7+ Kh8 53.Rgf7 e3 54.h6 f1=Q+ 55.Rxf1 Rb6 56.Re1 Rxh6+
57.Kg2 e2 58.Ra4 Kg7 59.Rf4 Rhe6 60.Kf2 Kg6 61.Rc4 Re5 62.Rc2 Rf8+ 63.Kg2 Rfe8  1/2-1/2

[Event "Mitropa Cup 17th"]
[Site "Montecatini Terme"]
[Date "1997.??.??"]
[Round "8"]
[White "Neubauer, Martin"]
[Black "Wilhelmi, Christian"]
[Result "0-1"]
[WhiteElo "2315"]
[BlackElo "2405"]

1.e4 c5 2.Nf3 e6 3.d4 cxd4 4.Nxd4 Nc6 5.Nc3 Qc7 6.Be3 a6 7.Qd2 Nf6 8.f3 b5
9.Nxc6 dxc6 10.O-O-O Be7 11.g4 e5 12.Qf2 Be6 13.h4 Nd7 14.g5 Rb8 15.Bh3 Nb6
16.g6 Bxh3 17.gxf7+ Kxf7 18.Rxh3 Nc4 19.Bc5 Rhd8 20.Rg1 Bf6 21.Rhg3 Rd2 22.Qxd2 Nxd2
23.Kxd2 Qd7+ 24.Kc1 Qe6 25.Kb1 g6 26.h5 gxh5 27.Rh1 h4 28.Rgh3 Rd8 29.Bf2 b4
30.Ne2 Rd1+ 31.Nc1 Bg5 32.R3h2 Rxh1 33.Rxh1 Bxc1 34.Kxc1 h3 35.b3 Qg6 36.Rh2 Qh5
37.Bg1 Qg5+  0-1

[Event "Goldberg mem"]
[Site "Moscow "]
[Date "1997.??.??"]
[Round "10"]
[White "Vorobiov, Evgeny E"]
[Black "Annakov, Babakuli"]
[Result "0-1"]
[WhiteElo "2435"]
[BlackElo "2365"]

1.e4 c5 2.Nf3 Nc6 3.d4 cxd4 4.Nxd4 e6 5.Nc3 Qc7 6.f4 a6 7.Be2 b5 8.Nxc6 Qxc6
9.Bf3 Bb7 10.Be3 Bb4 11.Bd4 Nf6 12.O-O Bxc3 13.Bxc3 Nxe4 14.Bxg7 Rg8 15.Bd4 f5
16.c3 d6 17.a4 Kd7 18.b3 Qd5 19.Re1 Bc6 20.Re3 bxa4 21.Bxe4 fxe4 22.c4 Qa5
23.bxa4 Raf8 24.c5 Rf5 25.Bc3 Qxc5 26.Qe2 Rd5 27.Kh1 Rd3  0-1

[Event "Petrosjan mem-J"]
[Site "Moscow"]
[Date "1997.??.??"]
[Round "?"]
[White "Vuckovic, Bojan"]
[Black "Guseinov, Kadir"]
[Result "1-0"]
[WhiteElo "2160"]
[BlackElo "2265"]

1.e4 c5 2.Nf3 e6 3.d4 cxd4 4.Nxd4 Nc6 5.Nc3 Qc7 6.Be2 Nf6 7.O-O Be7 8.Kh1 O-O
9.f4 d6 10.Nb3 a6 11.Bf3 b5 12.e5 dxe5 13.fxe5 Nd7 14.Na5 Ndxe5 15.Nxc6 Nxc6
16.Bf4 Qb6 17.Qe1 Bb7 18.Qg3 Kh8 19.Bc7 Qa7 20.Rad1 Nd8 21.Rd7 Bxf3 22.Be5 f6
23.Rxa7 Bxg2+ 24.Kxg2 Rxa7 25.Bd6 e5 26.Qe3 Nc6 27.Bxe7 Rxe7 28.Qc5 Rc8 29.Rd1 Ree8
30.Rd7 Nd4 31.Rc7 Rcd8 32.Qa7 Nf5 33.Rd7 Rc8 34.Rd2 b4 35.Ne4  1-0

[Event "Petrosjan mem-J"]
[Site "Moscow"]
[Date "1997.??.??"]
[Round "?"]
[White "Sedlak, Nicola"]
[Black "Dolinskij, Boris"]
[Result "1-0"]
[WhiteElo "2080"]
[BlackElo "2225"]

1.e4 c5 2.Nf3 e6 3.d4 cxd4 4.Nxd4 Nc6 5.Nc3 Qc7 6.Be3 Nf6 7.Bd3 a6 8.O-O Bd6
9.h3 Bf4 10.Qd2 Bxe3 11.Qxe3 d6 12.Rae1 Bd7 13.f4 O-O-O 14.a3 Qb6 15.Nf5 Qxe3+
16.Nxe3 Kc7 17.Rd1 Bc8 18.Ne2 b6 19.c4 Bb7 20.Nc3 Rd7 21.Rc1 Kb8 22.Bb1 Rc8
23.b4 h6 24.Na4 Ka7 25.c5 dxc5 26.bxc5 bxc5 27.Nxc5 Rdd8 28.Nxb7 Kxb7 29.e5 Ne8
30.Be4 Kb6 31.Rb1+ Ka7 32.Bf3 Rc7 33.Rfc1 Rdc8 34.Rd1 Nd8 35.Kf2 g5 36.fxg5 hxg5
37.Kg3 f5 38.exf6 Nxf6 39.Rd6 Ne8 40.Rd4 Nf6 41.Rdb4 Rd7 42.R4b3 Rdc7 43.Rd1 Nf7
44.Rdb1 Nd6 45.Rb4 Rd8 46.a4 a5 47.R4b2 Nde4+ 48.Kh2 Nd2  1-0

[Event "Moscow-1"]
[Site "Moscow"]
[Date "1997.??.??"]
[Round "7"]
[White "Losev, Dmitry"]
[Black "Murzin, Lenar"]
[Result "0-1"]
[WhiteElo "2435"]
[BlackElo "2320"]

1.e4 c5 2.Nf3 e6 3.d4 cxd4 4.Nxd4 Nc6 5.Nc3 Qc7 6.Be2 Nf6 7.O-O Be7 8.Kh1 O-O
9.f4 d6 10.Be3 Re8 11.f5 Ne5 12.Qe1 a6 13.Qg3 Kh8 14.Rf4 Nc4 15.Bxc4 Nh5
16.Qg4 Nxf4 17.Bb3 e5 18.Nf3 Bf6 19.Rf1 b5 20.Bxf4 exf4 21.Nd5 Qd8 22.Nxf6 Qxf6
23.Ng5 Re7 24.Qh5 h6 25.Nxf7+ Kh7 26.Rxf4 Bd7 27.Rg4 Bxf5 28.Ng5+ Kh8 29.Rf4 Qxg5
30.Qxg5 hxg5 31.Rxf5 Rxe4 32.Kg1 Re5 33.Rf3 Kh7 34.h3 Rae8 35.Rd3 Rd8 36.Kf2 d5  0-1

[Event "NRW-Cup Masters op"]
[Site "Muenster"]
[Date "1997.??.??"]
[Round "2"]
[White "Kummerow, Heiko"]
[Black "Mainka, Romuald"]
[Result "0-1"]
[WhiteElo "2300"]
[BlackElo "2520"]

1.e4 c5 2.Nf3 Nc6 3.d4 cxd4 4.Nxd4 e6 5.Nc3 a6 6.Nxc6 bxc6 7.Bd3 d5 8.O-O Nf6
9.Re1 Bb7 10.Bg5 Be7 11.e5 Nd7 12.Bxe7 Qxe7 13.Na4 O-O 14.c4 a5 15.Rc1 Rac8
16.Qd2 Qb4 17.Qc2 h6 18.b3 Rfd8 19.Qe2 Ba6 20.Qe3 dxc4 21.Bxc4 Bb5 22.Nb2 Qa3
23.Nd3 Nf8 24.Qe2 Ng6 25.Rc2 Qe7 26.Qe3 Nh4 27.Qe4 Qg5 28.f4 Qe7 29.Rec1 Bxc4
30.Rxc4 Nf5 31.Nf2 Qa7 32.Qe1 Qb6 33.Kh1 Rd5 34.Ne4 Rcd8 35.Rxc6 Qd4 36.R6c4 Qb6
37.Rc8 Rd3 38.Nf2 Re3 39.Qd2 Rxc8 40.Rxc8+ Kh7 41.Rc4 Qd8 42.Qc1 Qd5 43.h3 Re2
44.Kg1 Rxa2 45.g4 Qf3 46.Rc2 Ne3  0-1

[Event "NRW-Cup Masters op"]
[Site "Muenster"]
[Date "1997.??.??"]
[Round "6"]
[White "Kummerow, Heiko"]
[Black "Weidemann, Christian"]
[Result "1/2-1/2"]
[WhiteElo "2300"]
[BlackElo "2215"]

1.e4 c5 2.Nf3 e6 3.d4 cxd4 4.Nxd4 Nc6 5.Nc3 Nf6 6.Ndb5 d6 7.Bf4 e5 8.Bg5 a6
9.Na3 b5 10.Bxf6 gxf6 11.Nd5 Bg7 12.c3 f5 13.exf5 Bxf5 14.Nc2 Ne7 15.Bd3 Be6
16.Nxe7 Qxe7 17.Ne3 O-O 18.Nf5  1/2-1/2

[Event "Murcia op"]
[Site "Murcia"]
[Date "1997.??.??"]
[Round "9"]
[White "Perpinya Rofes, Lluis Maria"]
[Black "Bernabe Duran, Francisco"]
[Result "1-0"]
[WhiteElo "2265"]
[BlackElo "2210"]

1.e4 c5 2.Nc3 Nc6 3.Nge2 e6 4.d4 cxd4 5.Nxd4 Qc7 6.Be2 Nf6 7.Be3 a6 8.f4 d6
9.O-O Be7 10.Qe1 O-O 11.Qg3 Nxd4 12.Bxd4 b5 13.a3 Bb7 14.Bd3 e5 15.fxe5 Nh5
16.Qh3 dxe5 17.Nd5 Bxd5 18.exd5 exd4 19.Qxh5 g6 20.Qh6 Qd8 21.Rf5 Bf6 22.Rh5 Re8
23.Rf1  1-0

[Event "FIN-ch op"]
[Site "Naan"]
[Date "1997.??.??"]
[Round "?"]
[White "Holmsten, Aleksei"]
[Black "Gaspariants, Vladimir"]
[Result "1-0"]
[WhiteElo "2325"]
[BlackElo "2335"]

1.e4 c5 2.Nf3 e6 3.d4 cxd4 4.Nxd4 Nc6 5.Nc3 d6 6.Be3 Nf6 7.Be2 Be7 8.O-O O-O
9.Qe1 e5 10.Nb3 a5 11.a4 Nb4 12.Qd2 Ng4 13.Bxg4 Bxg4 14.Nc1 Be6 15.Rd1 f5
16.f3 Rc8 17.Nd3 fxe4 18.fxe4 Nxd3 19.Qxd3 Rc6 20.Nd5 Bg5 21.c3 Bxe3+ 22.Qxe3 Rc5
23.b4 axb4 24.cxb4 Rc4 25.b5 Qh4 26.Nc3 Rf6 27.Rd2 Bf7 28.a5 Qg4 29.a6 bxa6
30.bxa6 Rc8 31.a7 Ra8 32.Rb2 Qc8 33.Rab1 Bg6 34.Rb8  1-0

[Event "Nigran"]
[Site "Nigran"]
[Date "1997.??.??"]
[Round "3"]
[White "Gonzalez Diaz, Julio"]
[Black "Gabaldon, Miguel"]
[Result "0-1"]
[WhiteElo "2125"]
[BlackElo "2250"]

1.e4 c5 2.Nc3 Nc6 3.Nge2 e6 4.d4 cxd4 5.Nxd4 Nf6 6.Ndb5 d6 7.Bf4 e5 8.Bg5 a6
9.Na3 Be7 10.Bxf6 gxf6 11.Nd5 b5 12.c3 f5 13.Nxb5 axb5 14.Bxb5 Bd7 15.exf5 Nb8
16.f6 Bxf6 17.Qf3 Bg7 18.Bxd7+ Nxd7 19.Nc7+ Qxc7 20.Qxa8+ Ke7 21.Qf3 Rb8
22.O-O Rxb2 23.Rfb1 Qb6 24.Qf5 Nc5 25.a4 e4 26.Rc1 Nb3 27.a5 Qb8 28.Qxe4+ Kf8
29.Rab1 Nxc1 30.Rxb2 Qxb2 31.Qa8+ Ke7 32.a6 Kd7 33.a7 Nd3 34.Qc8+ Kxc8 35.a8=Q+ Kc7
36.Qa7+ Qb7 37.Qa2 Kb8 38.h3 Qb2 39.Qxf7 Qc1+ 40.Kh2 Qf4+  0-1

[Event "Nigran"]
[Site "Nigran"]
[Date "1997.??.??"]
[Round "6"]
[White "Servat, Roberto"]
[Black "Gabaldon, Miguel"]
[Result "1-0"]
[WhiteElo "2460"]
[BlackElo "2250"]

1.e4 c5 2.Nf3 e6 3.d4 cxd4 4.Nxd4 Nc6 5.Nc3 d6 6.Be2 Nf6 7.O-O Be7 8.Be3 O-O
9.f4 e5 10.Nb3 exf4 11.Bxf4 Be6 12.Kh1 d5 13.e5 Nd7 14.Nxd5 Ndxe5 15.c4 Rc8
16.Qd2 Ng6 17.Be3 Bxd5 18.cxd5 Nb4 19.Bxa7 Rc2 20.Qd1 Rxb2 21.Bd4 Rc2 22.a3 Qxd5
23.Rb1 Nh4 24.Bf3 Nxf3 25.Rxf3 Nc6 26.Qxc2 Nxd4 27.Qd1  1-0

[Event "JUG-chT (Women)"]
[Site "Niksic"]
[Date "1997.??.??"]
[Round "3"]
[White "Bojkovic, Natasa"]
[Black "Stepovaia Dianchenko, Tatiana"]
[Result "1-0"]
[WhiteElo "2415"]
[BlackElo "2340"]

1.e4 c5 2.Nf3 e6 3.d4 cxd4 4.Nxd4 Nc6 5.Nc3 Qc7 6.g3 a6 7.Bg2 Nf6 8.O-O Bc5
9.Bf4 e5 10.Nb3 exf4 11.Nxc5 d6 12.Nd3 fxg3 13.hxg3 h5 14.Nd5 Nxd5 15.exd5 Ne7
16.Qd2 h4 17.Qg5 Kf8 18.Rfe1 hxg3 19.fxg3 Qb6+ 20.Nf2 f6 21.Qe3 Qd8 22.Nd3 Rh5
23.Nf4 Re5 24.Qf2 Kg8 25.Nd3 Rg5 26.Nf4 Nf5 27.Ne6 Bxe6 28.dxe6 Qe7 29.Rad1 Nxg3
30.Rd3 Nf5 31.Kf1 Rc8 32.b3 g6 33.c4 Kg7 34.Qb6 Rc7 35.c5 d5 36.Qxc7  1-0